00569nam a2200169Ia 4500008004100000020001800041041000800059082001500067100002300082245004500105250000600150260004200156300001200198650003500210999001900245952013500264210716s2005 xx 000 0 und d a9788120328648 aeng a006.3 AKER aAkerkar, Rajendra. aIntroduction to artificial intelligence. a1 aNew DelhibPHI Learning Pvt Ltdc2005 axiv,349 aArtificial Intelligence(006.3) c189580d189580 001040708MCAaAIMITbAIMITeHigginbothams Pvt Ltdg250.00l0o006.3 AKERpMCA09088r2026-05-23 00:00:00v187.50w2021-07-16yBK